Označovanie regionálnych produktov
Regionálne značky a podpora tradičných miestnych produktov, ktoré sú charakteristické a špecifické pre daný región. Pôvod a kvalita označeného produktu v regióne. Produkty označené regionálnou značkou a rozvoj udržateľného cestovného ruchu.
Saved in:
| Main Author: | |
|---|---|
| Format: | Book Chapter |
| Language: | Slovak |
| Subjects: | |
| Tags: |
No Tags, Be the first to tag this record!
|
MARC
| LEADER | 00000nla a2200000 4500 | ||
|---|---|---|---|
| 001 | 0225483 | ||
| 005 | 20240502073710.2 | ||
| 041 | 0 | |a slo | |
| 044 | |a SK | ||
| 245 | 1 | 0 | |a Označovanie regionálnych produktov |c Marta Karkalíková |
| 520 | |a Regionálne značky a podpora tradičných miestnych produktov, ktoré sú charakteristické a špecifické pre daný región. Pôvod a kvalita označeného produktu v regióne. Produkty označené regionálnou značkou a rozvoj udržateľného cestovného ruchu. | ||
| 610 | 2 | 0 | |a tovaroznalectvo |
| 610 | 2 | 0 | |a označovanie tovarov |
| 610 | 2 | 0 | |a produkty environmentálne |
| 610 | 2 | 0 | |a kvalita výrobkov |
| 610 | 2 | 0 | |a regióny |
| 610 | 2 | 0 | |a produkty |
| 610 | 2 | 0 | |a potraviny |
| 610 | 2 | 0 | |a značky výrobkov |
| 100 | 1 | |a Karkalíková, Marta | |